|
|
|
|
| LEADER |
01402nam a2200325 a 4500 |
| 001 |
3789 |
| 003 |
BD-DhAAL |
| 008 |
150909s1994 nyu 00 eng |
| 010 |
|
|
|a 93002269
|
| 020 |
|
|
|a 0471
|
| 020 |
|
|
|a 0471584096 (cloth)
|
| 040 |
|
|
|a DLC
|c DLC
|d EQF
|d BD-DhAAL
|
| 050 |
|
|
|a BF121
|b .H78 1994
|
| 082 |
|
|
|a 150
|
| 100 |
1 |
|
|a Huffman, Karen.
|9 14504
|
| 245 |
0 |
0 |
|a Psychology in action /
|c Karen Huffman, Mark Vernoy, Judith Vernoy.
|
| 250 |
|
|
|a 3rd ed.
|
| 260 |
|
|
|a New York :
|b Wiley,
|c c1994.
|
| 300 |
|
|
|a 141 p. :
|b ill. (chiefly col.) ;
|c 28 cm.
|
| 500 |
|
|
|a Rev. ed. of: Psychology in action / Karen Huffman ... [et al.]. 2nd ed. c1991.
|
| 504 |
|
|
|a Includes bibliographical references and indexes.
|
| 541 |
|
|
|e 3789
|
| 650 |
|
0 |
|a Psychology.
|9 14509
|
| 700 |
1 |
0 |
|a Vernoy, Mark W.
|9 14506
|
| 700 |
1 |
0 |
|a Vernoy, Judith.
|9 14507
|
| 942 |
|
|
|2 ddc
|c BK
|
| 999 |
|
|
|c 35482
|d 35482
|
| 952 |
|
|
|0 0
|1 0
|2 ddc
|4 0
|6 150_000000000000000_HUF
|7 0
|9 55805
|a SCL
|b SCL
|c GEN
|d 2015-09-09
|e Gift: The Asia Foundation
|l 0
|o 150 HUF
|p 3020003789
|r 2015-09-09
|t 1
|w 2015-09-09
|y BK
|
| 952 |
|
|
|0 0
|1 0
|2 ddc
|4 0
|6 150_000000000000000_HUF
|7 0
|9 55806
|a SCL
|b SCL
|c GEN
|d 2015-09-09
|e Gift: The Asia Foundation
|l 0
|o 150 HUF
|p 3020003921
|r 2015-09-09
|t 2
|w 2015-09-09
|y BK
|
| 952 |
|
|
|0 0
|1 0
|2 ddc
|4 0
|6 150_000000000000000_HUF
|7 0
|9 55807
|a SCL
|b SCL
|c GEN
|d 2015-09-09
|e Gift: The Asia Foundation
|l 0
|o 150 HUF
|p 3020003922
|r 2015-09-09
|t 2
|w 2015-09-09
|y BK
|